EXPERIMENTAL PHARMACOLOGY (Record no. 9629)

MARC details
000 -LEADER
fixed length control field 00324nam a22001457a 4500
003 - CONTROL NUMBER IDENTIFIER
control field SGT
020 ## - INTERNATIONAL STANDARD BOOK NUMBER
International Standard Book Number 978-81-7371-65-84
082 ## - DEWEY DECIMAL CLASSIFICATION NUMBER
Classification number 615
Item number E09P
100 ## - MAIN ENTRY--PERSONAL NAME
Personal name PRABHAKAR, MC
245 ## - TITLE STATEMENT
Title EXPERIMENTAL PHARMACOLOGY
260 ## - PUBLICATION, DISTRIBUTION, ETC. (IMPRINT)
Place of publication, distribution, etc NEW DELHI
Name of publisher, distributor, etc UNIVERSITY PRESS
Year of Publication 2009
300 ## - PAGE DESCRIPTION
No. of Pages 228
650 ## - SUBJECT ADDED ENTRY--TOPICAL TERM
Topical term or geographic name as entry element PHARMACOLOGY
942 ## - ADDED ENTRY ELEMENTS (KOHA)
Source of classification or shelving scheme Dewey Decimal Classification
Koha item type Books
Holdings
Withdrawn status Lost status Source of classification or shelving scheme Damaged status Not for loan Collection code Home library Current library Shelving location Date acquired Vendor Name Cost, normal purchase price SGTU Bill Number Total Checkouts Full call number Accession No. (Barcode) Date last seen Bill Date Koha item type
    Dewey Decimal Classification     PHARMACY SGT FA-FP Library SGT FA-FP Library Text Book 25/07/2016 UNIVERSAL BOOK 395.00 SGTU 156   615 E09P FP1968 25/07/2016 15/07/2016 Books
    Dewey Decimal Classification     PHARMACY SGT FA-FP Library SGT FA-FP Library Text Book 25/07/2016 UNIVERSAL BOOK 395.00 SGTU 156   615 E09P FP1969 25/07/2016 15/07/2016 Books